Escritoras chimboracenses : (Record no. 197834)

MARC details
000 -LEADER
campo de control de longitud fija 01307nam a22003134a 4500
001 - NÚMERO DE CONTROL
campo de control 197834
003 - IDENTIFICADOR DE NÚMERO DE CONTROL
campo de control ES-MaACL
005 - FECHA Y HORA DE LA ÚLTIMA TRANSACCIÓN
campo de control 20251025063031.0
008 - DATOS DE LONGITUD FIJA--INFORMACIÓN GENERAL
campo de control de longitud fija 250922s2024 ec ||||| |||| 001 0 spa d
020 ## - NÚMERO INTERNACIONAL ESTÁNDAR DEL LIBRO
Número Internacional Estándar del Libro 9789942512628
040 ## - FUENTE DE CATALOGACIÓN
Centro catalogador/agencia de origen ES-MaACL
Lengua de catalogación spa
Centro/agencia transcriptor ES-MaACL
Normas de descripción rda
080 ## - NÚMERO DE LA CLASIFICACIÓN DECIMAL UNIVERSAL
Número de la Clasificación Decimal Universal 821.134.2(866)-051-055.2"19"
245 00 - MENCIÓN DEL TÍTULO
Título Escritoras chimboracenses :
Resto del título tomo #1
264 #1 - PRODUCCIÓN, PUBLICACIÓN, DISTRIBUCIÓN, FABRICACIÓN Y COPYRIGHT
Producción, publicación, distribución, fabricación y copyright Riobamba, Ecuador :
Nombre del de productor, editor, distribuidor, fabricante Adela Irene Moscoso Valarezo,
Fecha de producción, publicación, distribución, fabricación o copyright [2024]
300 ## - DESCRIPCIÓN FÍSICA
Extensión 237 páginas :
Otras características físicas fotografías (blanco y negro y color) ;
Dimensiones 21 cm
336 ## - TIPO DE CONTENIDO
Fuente rdacontent
Término de tipo de contenido texto
337 ## - TIPO DE MEDIO
Fuente rdamedia
Nombre/término del tipo de medio sin mediación
338 ## - TIPO DE SOPORTE
Fuente rdacarrier
Nombre/término del tipo de soporte volumen
500 ## - NOTA GENERAL
Nota general Índice
501 ## - NOTA DE CON
Nota de "Con" Ejemplar dedicado y firmado por Adela Irene Moscoso Valarezo, presidenta de la Asociación de Escritoras Contemporáneas del Ecuador
650 #7 - PUNTO DE ACCESO ADICIONAL DE MATERIA--TÉRMINO DE MATERIA
9 (RLIN) 242423
Término de materia o nombre geográfico como elemento de entrada Escritoras ecuatorianas
655 #7 - TERMINO DE INDIZACIÓN--GENERO/FORMA
Fuente del término tgfbne
9 (RLIN) 176539
Datos o término principal de género/forma Poesías
700 0# - ENTRADA AGREGADA--NOMBRE PERSONAL
9 (RLIN) 83755
Nombre de persona Moscoso Valarezo, Adela Irene
Término indicativo de función/relación Director de publicación
852 ## - LOCALIZACIÓN
Ubicación ES-MaACL
Ubicación en estantería Depósito 1
Número de control de estantería A-15810
Anotaciones manuscritas Dedicatoria autógrafa de Adela Irene Moscoso Valarezo
Donativo/Legado Donación: Adela Irene Moscoso Valarezo
Encuadernación Encuadernación rústica
itemnumber 206851
942 ## - ELEMENTOS DE ENTRADA SECUNDARIOS (KOHA)
Tipo de ítem Koha Libro impreso
Suprimir en OPAC No
Holdings
Estatus retirado Estado de pérdida Fuente del sistema de clasificación o colocación Estado de daño No para préstamo Biblioteca de origen Biblioteca actual Ubicación en estantería Fecha de adquisición Fuente de adquisición Total de préstamos Signatura topográfica completa Código de barras Visto por última vez Precio de reemplazo Tipo de ítem Koha
    Clasificación decimal universal     Biblioteca del Ateneo de Madrid Biblioteca del Ateneo de Madrid Depósito 1 22/09/2025 Donación   A-15810 2025-1211 23/10/2025 23/10/2025 Libro impreso